| Tag |
First Indicator |
Second Indicator |
Subfields |
| LEADER |
00000nam a2200000 i 4500 |
| 001 |
in00005502829 |
| 006 |
m o d f |
| 007 |
cr ||||||||||| |
| 008 |
240810e202407 vaua obt f000 0 eng d |
| 005 |
20241004210250.4 |
| 035 |
|
|
|a (OCoLC)on1451809039
|
| 040 |
|
|
|a GPO
|b eng
|e rda
|e pn
|c GPO
|d MvI
|
| 049 |
|
|
|a WWW
|
| 074 |
|
|
|a 0830-D (online)
|
| 086 |
0 |
|
|a NAS 1.15:20240006441
|
| 100 |
1 |
|
|a Tucker, Eric Z.,
|e author.
|
| 245 |
1 |
0 |
|a Material inspectability assessment related to lunar construction technology development /
|c Eric Z. Tucker [and six others]
|
| 264 |
|
1 |
|a Hampton, Virginia :
|b National Aeronautics and Space Administration, Langley Research Center,
|c 2024.
|
| 300 |
|
|
|a 1 online resource (approximately 24 pages) :
|b illustrations (some color).
|
| 336 |
|
|
|a text
|b txt
|2 rdacontent
|
| 337 |
|
|
|a computer
|b c
|2 rdamedia
|
| 338 |
|
|
|a online resource
|b cr
|2 rdacarrier
|
| 490 |
1 |
|
|a NASA/TM ;
|v 20240006441
|
| 500 |
|
|
|a "July 2024."
|
| 500 |
|
|
|a In scope of the U.S. Government Publishing Office Cataloging and Indexing Program (C&I) and Federal Depository Library Program (FDLP).
|
| 500 |
|
|
|a GPO Cataloging Record Distribution Program (CRDP).
|
| 504 |
|
|
|a Includes bibliographical references (page 23-24).
|
| 513 |
|
|
|a Technical memorandum
|
| 588 |
|
|
|a Description based on online resource; title from PDF title page (NASA, viewed Aug. 10, 2024).
|
| 650 |
|
7 |
|a Thermography.
|2 nasat
|
| 650 |
|
7 |
|a Nondestructive tests.
|2 nasat
|
| 650 |
|
7 |
|a Tomography.
|2 nasat
|
| 830 |
|
0 |
|a NASA technical memorandum ;
|0 https://id.loc.gov/authorities/names/n83707893
|v 20240006441.
|
| 856 |
4 |
0 |
|u https://purl.fdlp.gov/GPO/gpo231783
|t 0
|
| 999 |
f |
f |
|s 5d715f6d-6b0d-4842-9cf2-7cb75619a4e5
|i 047fd253-1771-49a2-87f2-1766bf1cbb41
|t 0
|
| 952 |
f |
f |
|a Texas A&M University
|b College Station
|c Electronic Resources
|d Available Online
|t 0
|e NAS 1.15:20240006441
|h Superintendent of Documents classification
|
| 998 |
f |
f |
|a NAS 1.15:20240006441
|t 0
|l Available Online
|